An autobiography or the story of my experiments with truth: (Record no. 38587)

MARC details
000 -LEADER
fixed length control field 02251nam a22003257a 4500
005 - DATE AND TIME OF LATEST TRANSACTION
control field 20100802121416.0
010 ## - LCCN (DPL NO)
LC control number ENG-97570 B-423833-840
020 ## - INTERNATIONAL STANDARD BOOK NUMBER
International Standard Book Number 9780415571425
Terms of availability 395.00
035 ## - SYSTEM CONTROL NUMBER
System control number EN-81103
035 ## - SYSTEM CONTROL NUMBER
System control number B-423833-840
037 ## - SOURCE OF ACQUISITION
Source of stock number/acquisition DBAD/PUB
037 ## - SOURCE OF ACQUISITION
Source of stock number/acquisition Allied Publishers
082 ## - DEWEY DECIMAL CLASSIFICATION NUMBER
Classification number 921
100 ## - MAIN ENTRY--PERSONAL NAME
Personal name Suhrud, Tridip
245 ## - TITLE STATEMENT
Title An autobiography or the story of my experiments with truth:
Remainder of title a table of concordance /
Statement of responsibility, etc by Tridip Suhrud
260 ## - PUBLICATION, DISTRIBUTION, ETC. (IMPRINT)
Place of publication, distribution, etc New Delhi
Name of publisher, distributor, etc Routledge
Date of publication, distribution, etc 2010
270 ## - ADDRESS
Address 912 Tolstoy House, 15-17 Tolstoy Marg
City New Delhi
Postal code 110001
300 ## - PHYSICAL DESCRIPTION
Extent xiv, 232p.
Dimensions 24cm (pbk)
942 ## - ADDED ENTRY ELEMENTS (KOHA)
Source of classification or shelving scheme Dewey Decimal Classification
Item type English Books
Classification part 921
Call number suffix SUH
Holdings
Withdrawn status Lost status Not for loan Collection code Home library Current library Date acquired Source of acquisition Cost, normal purchase price Full call number Barcode Copy number Cost, replacement price Koha item type
      Non-fiction Central Library Central Library 10/08/2011 Allied Publishers/CR/0002704/17.3.11/75/4.3.11/17.3.11 395.00 921 SUH B-423833 1 395.00 English Books
    Not For Loan Non-fiction D.B.Act.Division D.B.Act.Division 02/08/2010 DBAD/PUB 395.00 921 SUH EN-81103 1 395.00 English Books
      Non-fiction Janak Puri Janak Puri 10/08/2011 Allied Publishers/CR/0002704/17.3.11/75/4.3.11/17.3.11 395.00 921 SUH B-423835 1 395.00 English Books
      Non-fiction Karol Bagh Karol Bagh 10/08/2011 Allied Publishers/CR/0002704/17.3.11/75/4.3.11/17.3.11 395.00 921 SUH B-423838 1 395.00 English Books
      Non-fiction Narela Narela 10/08/2011 Allied Publishers/CR/0002704/17.3.11/75/4.3.11/17.3.11 395.00 921 SUH B-423839 1 395.00 English Books
      Non-fiction Patel Nagar Patel Nagar 10/08/2011 Allied Publishers/CR/0002704/17.3.11/75/4.3.11/17.3.11 395.00 921 SUH B-423834 1 395.00 English Books
      Non-fiction Sarojini Nagar Sarojini Nagar 10/08/2011 Allied Publishers/CR/0002704/17.3.11/75/4.3.11/17.3.11 395.00 921 SUH B-423836 1 395.00 English Books
      Non-fiction Shahdara Branch Shahdara Branch 10/08/2011 Allied Publishers/CR/0002704/17.3.11/75/4.3.11/17.3.11 395.00 921 SUH B-423840 1 395.00 English Books
      Non-fiction Vinoba Puri Vinoba Puri 10/08/2011 Allied Publishers/CR/0002704/17.3.11/75/4.3.11/17.3.11 395.00 921 SUH B-423837 1 395.00 English Books

© Delhi Public Library
Hit Counter
free hit counter